[Event "Women&#39;s 4NCL Division 1"]
[Site "Kenilworth, ENG"]
[Date "2019.10.13"]
[Round "3.12"]
[White "Kueh, Audrey"]
[Black "Serbanescu, Diana-Maria"]
[Result "1/2-1/2"]
[WhiteElo "2087"]
[BlackElo "1992"]
[PlyCount "95"]
[EventDate "2019.10.13"]
[WhiteTeam "Guildford"]
[BlackTeam "Wood Green"]

1. Nf3 d6 2. d4 Nf6 3. g3 g6 4. Bg2 Bg7 5. O-O O-O 6. b3 c6 7. Bb2 Re8 8. a4 a5
9. Na3 d5 10. c3 Nbd7 11. c4 e6 12. Nc2 Nb6 13. c5 Nbd7 14. b4 Ne4 15. b5 cxb5
16. axb5 Ndxc5 17. Nd2 Nxd2 18. Qxd2 Nb3 19. Qd3 Nxa1 20. Rxa1 b6 21. Ne3 h5
22. Bf3 Bd7 23. Kg2 Qg5 24. h4 Qf6 25. Rd1 Rec8 26. Ba3 Qd8 27. Rh1 Qe8 28. Rb1
a4 29. g4 Ra5 30. gxh5 Rxb5 31. hxg6 fxg6 32. Ra1 Rb3 33. Qd2 Qd8 34. Ng4 Be8
35. Qf4 Rc7 36. Bd6 Rf7 37. Qg3 Rd7 38. Be5 Ra7 39. Rh1 a3 40. h5 g5 41. h6
Bxe5 42. Qxe5 Rf7 43. h7+ Rxh7 44. Nf6+ Qxf6 45. Qxf6 Rxh1 46. Kxh1 a2 47.
Qxg5+ Kf8 48. Qf6+ 1/2-1/2

[Event "Women&#39;s 4NCL Division 1"]
[Site "Kenilworth, ENG"]
[Date "2019.10.13"]
[Round "3.13"]
[White "Walker, Kate"]
[Black "Mellor, Jessica"]
[Result "1-0"]
[WhiteElo "1645"]
[BlackElo "1870"]
[PlyCount "37"]
[EventDate "2019.10.13"]
[WhiteTeam "Wood Green"]
[BlackTeam "Guildford"]

1. d4 Nf6 2. c4 g6 3. Nc3 d5 4. Bf4 c6 5. cxd5 Nxd5 6. Nxd5 Qxd5 7. Nf3 Bg7 8.
e3 Qa5+ 9. Nd2 O-O 10. Bc4 b5 11. Bb3 Nd7 12. O-O e5 13. dxe5 Nxe5 14. Ne4 Rd8
15. Qc1 Bb7 16. Qc5 Rd7 17. Bxe5 Bxe5 18. Qxe5 Rdd8 19. Qe7 1-0

[Event "Women&#39;s 4NCL Division 1"]
[Site "Kenilworth, ENG"]
[Date "2019.10.13"]
[Round "3.14"]
[White "Frostick, Helen M"]
[Black "Parnes, Shira"]
[Result "1/2-1/2"]
[WhiteElo "1909"]
[BlackElo "1495"]
[PlyCount "61"]
[EventDate "2019.10.13"]
[WhiteTeam "Guildford"]
[BlackTeam "Wood Green"]

1. e4 e5 2. Nf3 Nc6 3. Bb5 a6 4. Ba4 Nf6 5. O-O Be7 6. Re1 b5 7. Bb3 O-O 8. c3
Bb7 9. d4 d6 10. Nbd2 Na5 11. Bc2 Re8 12. Nf1 Bf8 13. Ng3 g6 14. Bg5 Bg7 15.
Qc1 Bc8 16. h3 Nc6 17. Qd2 Qe7 18. Rad1 Qf8 19. dxe5 dxe5 20. Bb3 Bb7 21. Bxf6
Bxf6 22. Ng5 Red8 23. Qe3 Bxg5 24. Qxg5 Rxd1 25. Rxd1 Qe7 26. Qg4 Rd8 27. Bd5
Bc8 28. Nf5 Qf6 29. Qg3 Bxf5 30. exf5 Qxf5 31. Qe3 1/2-1/2

[Event "Women&#39;s 4NCL Division 1"]
[Site "Kenilworth, ENG"]
[Date "2019.10.13"]
[Round "3.21"]
[White "Smith, Olivia"]
[Black "James, Ann-Marie"]
[Result "1-0"]
[WhiteElo "2020"]
[BlackElo "2050"]
[PlyCount "165"]
[EventDate "2019.10.13"]
[WhiteTeam "The Dragonesses"]
[BlackTeam "Warwickshire Bears"]

1. e4 e5 2. d4 exd4 3. Nf3 Nc6 4. Bc4 Nf6 5. e5 d5 6. Bb5 Ne4 7. Nxd4 Bd7 8.
Nxc6 bxc6 9. Bd3 Nc5 10. O-O Qc8 11. Be2 Be7 12. c4 dxc4 13. Bxc4 O-O 14. b4
Be6 15. Bxe6 Nxe6 16. a3 Qa6 17. Qg4 Rfd8 18. Be3 Rd3 19. Nd2 Rad8 20. Ne4 Rxa3
21. Rab1 Qb5 22. Bc1 Rad3 23. f4 Nf8 24. f5 Qxe5 25. f6 Ng6 26. fxe7 Qxe7 27.
Ng5 f6 28. Qe6+ Qxe6 29. Nxe6 Re8 30. Nf4 Nxf4 31. Bxf4 Re4 32. Bxc7 Rdd4 33.
Ba5 Re2 34. Rf2 Re3 35. Rc2 Rd6 36. Rbc1 Ree6 37. Bc7 Rd4 38. Rxc6 Rxc6 39.
Rxc6 Rxb4 40. Ra6 Rb7 41. Bf4 h5 42. Be3 Kh7 43. Rxa7 Rb8 44. Kf2 Kg6 45. Kf3
Rb5 46. Rc7 Rb3 47. Rd7 Ra3 48. Ke4 Ra4+ 49. Rd4 Ra7 50. Kf4 Rb7 51. h4 Re7 52.
Ra4 Rc7 53. Ra7 Rc4+ 54. Kg3 Rc3 55. Kf3 Rb3 56. Kf4 Rb4+ 57. Kg3 Rb3 58. Re7
Ra3 59. Kf3 Rb3 60. g3 Ra3 61. Ke4 Ra4+ 62. Kd5 Ra3 63. Bf4 Ra5+ 64. Ke6 Ra6+
65. Bd6 Ra1 66. Rc7 Re1+ 67. Kd7 Rd1 68. Kc6 Rc1+ 69. Kb7 Rxc7+ 70. Kxc7 Kf5
71. Kd7 g5 72. Bb4 gxh4 73. gxh4 Kg6 74. Ke6 f5 75. Ke5 f4 76. Kxf4 Kh6 77. Kf5
Kh7 78. Kg5 Kg7 79. Kxh5 Kh7 80. Kg5 Kg7 81. h5 Kh7 82. Bc3 Kg8 83. Kg6 1-0

[Event "Women&#39;s 4NCL Division 1"]
[Site "Kenilworth, ENG"]
[Date "2019.10.13"]
[Round "3.22"]
[White "Dicen, Imogen"]
[Black "Sivarajasingam, Shayanna"]
[Result "1/2-1/2"]
[WhiteElo "1840"]
[BlackElo "1762"]
[PlyCount "49"]
[EventDate "2019.10.13"]
[WhiteTeam "Warwickshire Bears"]
[BlackTeam "The Dragonesses"]

1. e4 e6 2. d4 d5 3. exd5 exd5 4. Nf3 Bd6 5. Bd3 Nc6 6. O-O Nge7 7. Be3 Bg4 8.
c3 Qd7 9. b4 Ng6 10. Re1 O-O-O 11. a4 Rde8 12. Be2 Bf4 13. Qd2 Bxe3 14. fxe3
Qe7 15. Bd1 Nh4 16. Nxh4 Qxh4 17. Bxg4+ Qxg4 18. Qe2 Qxe2 19. Rxe2 f5 20. Nd2
Re7 21. Rae1 Rhe8 22. g3 Re6 23. Kf2 Ne7 24. Nf3 Nc6 25. Nd2 1/2-1/2

[Event "Women&#39;s 4NCL Division 1"]
[Site "Kenilworth, ENG"]
[Date "2019.10.13"]
[Round "3.23"]
[White "Sivarajasingam, Venetia"]
[Black "Dicen, Elis Denele"]
[Result "1/2-1/2"]
[WhiteElo "1766"]
[BlackElo "1577"]
[PlyCount "119"]
[EventDate "2019.10.13"]
[WhiteTeam "The Dragonesses"]
[BlackTeam "Warwickshire Bears"]

1. e4 e6 2. d4 d5 3. e5 c5 4. c3 Nc6 5. Nf3 Bd7 6. Be2 cxd4 7. cxd4 Bb4+ 8. Nc3
Nge7 9. O-O O-O 10. Bg5 Bxc3 11. bxc3 h6 12. Be3 Nf5 13. Bd3 Nxe3 14. fxe3 f5
15. exf6 Rxf6 16. Bc2 Be8 17. e4 dxe4 18. Bxe4 Qe7 19. Qe2 Rc8 20. Rac1 Bg6 21.
Bxc6 bxc6 22. Ne5 c5 23. Rxf6 Qxf6 24. Nd7 Qe7 25. Nxc5 Bf5 26. Re1 Rc6 27. Qf3
Qc7 28. g4 Bg6 29. Rxe6 Rxe6 30. Nxe6 Qc8 31. Nc5 Bf7 32. a3 a6 33. Qe4 a5 34.
Qf5 Qe8 35. Qe5 Qc8 36. h3 h5 37. Qg3 hxg4 38. hxg4 Qe8 39. Qe5 Qc8 40. Qf5 Qe8
41. Ne4 Bg6 42. Qd5+ Bf7 43. Qe5 Qc8 44. Qf5 Qe8 45. Nd6 Qe1+ 46. Kg2 Qe2+ 47.
Kg3 Qe1+ 48. Kh2 Qe2+ 49. Kg3 Qe1+ 50. Kf4 Qf2+ 51. Ke5 Qe2+ 52. Ne4 Qb5+ 53.
Kf4 Qf1+ 54. Kg5 Qc1+ 55. Qf4 Qh1 56. Ng3 Qh6+ 57. Kf5 Qe6+ 58. Kg5 Qh6+ 59.
Kf5 Qe6+ 60. Kg5 1/2-1/2

[Event "Women&#39;s 4NCL Division 1"]
[Site "Kenilworth, ENG"]
[Date "2019.10.13"]
[Round "3.24"]
[White "Pillay, Shriya"]
[Black "Smith, Lynda"]
[Result "0-1"]
[WhiteElo "1570"]
[BlackElo "1765"]
[PlyCount "136"]
[EventDate "2019.10.13"]
[WhiteTeam "Warwickshire Bears"]
[BlackTeam "The Dragonesses"]

1. d4 f5 2. Nd2 Nf6 3. c4 g6 4. g3 Bg7 5. Bg2 d6 6. e4 fxe4 7. Nxe4 Nxe4 8.
Bxe4 O-O 9. Nf3 Nc6 10. O-O Bg4 11. Qd3 Rb8 12. Rb1 Bxf3 13. Bxf3 Nxd4 14. Bg4
c6 15. b3 e5 16. Bb2 Qg5 17. Bxd4 exd4 18. Be6+ Kh8 19. Rfe1 Rbe8 20. Bh3 Qf6
21. Rf1 Re7 22. Bg2 Qf5 23. Rbd1 Qxd3 24. Rxd3 Re2 25. a3 Rfe8 26. b4 Rc2 27.
b5 Rxc4 28. bxc6 bxc6 29. Rb1 Rc3 30. Rxc3 dxc3 31. Bxc6 c2 32. Rc1 Re2 33. Ba4
Bb2 34. Rxc2 Rxc2 35. Bxc2 Bxa3 36. Bb3 Kg7 37. Kf1 Kf6 38. Ke2 g5 39. g4 Ke5
40. Ke3 Bc5+ 41. Kf3 a5 42. Ke2 Kd4 43. Kd2 Bb4+ 44. Kd1 Kc3 45. Ba4 Bc5 46. f3
Kb4 47. Bc2 h6 48. Kc1 a4 49. Kb2 a3+ 50. Ka2 Kc3 51. Bb3 Kd4 52. h3 d5 53. Bc2
Ke3 54. Bd1 d4 55. Kb1 Kd2 56. Bb3 d3 57. Bc4 Ke3 58. Bd5 d2 59. Kc2 Ke2 60.
Bc4+ Ke1 61. Be2 Kxe2 62. Kc3 d1=Q 63. Kc4 a2 64. h4 a1=Q 65. f4 Qad4+ 66. Kb5
Be7 67. fxg5 Qb3+ 68. Ka5 Qa1# 0-1

[Event "Women&#39;s 4NCL Division 1"]
[Site "Kenilworth, ENG"]
[Date "2019.10.13"]
[Round "3.32"]
[White "Somton, Anita"]
[Black "Arora, Tashika"]
[Result "1-0"]
[WhiteElo "1831"]
[BlackElo "1690"]
[PlyCount "101"]
[EventDate "2019.10.13"]
[WhiteTeam "Wood Green Youth"]
[BlackTeam "Check Inn"]

1. d4 Nf6 2. Nf3 g6 3. c4 Bg7 4. Nc3 d5 5. cxd5 Nxd5 6. e4 Nxc3 7. bxc3 c5 8.
Be3 Qa5 9. Qd2 O-O 10. Rb1 b6 11. Rc1 Bb7 12. Bd3 Nd7 13. O-O Rac8 14. d5 Ba6
15. Bxa6 Qxa6 16. Bh6 b5 17. Bxg7 Kxg7 18. Rb1 Qb6 19. Qb2 a6 20. c4+ Qf6 21.
cxb5 Qxb2 22. Rxb2 axb5 23. Rxb5 c4 24. Rc1 Nf6 25. e5 Ne4 26. Nd4 Ra8 27. f3
Ng5 28. h4 Nxf3+ 29. Nxf3 Rxa2 30. Rxc4 Ra7 31. Rcb4 Rd8 32. Nd4 Rc7 33. Nc6
Rdc8 34. Rb7 e6 35. Ne7 Rxb7 36. Rxb7 Rc1+ 37. Kf2 exd5 38. Nxd5 Rc5 39. Rd7
Kf8 40. Kf3 Rc4 41. g3 Rc5 42. Ke3 Ra5 43. Kd4 Ra8 44. Nf6 h5 45. Ke3 Ra3+ 46.
Kf4 Ra4+ 47. Kg5 Ra8 48. Kh6 Rb8 49. e6 fxe6 50. Kxg6 e5 51. Rf7# 1-0

[Event "Women&#39;s 4NCL Division 1"]
[Site "Kenilworth, ENG"]
[Date "2019.10.13"]
[Round "3.33"]
[White "Headlong, Georgia"]
[Black "Wilson, Julie"]
[Result "1-0"]
[WhiteElo "1705"]
[BlackElo "1842"]
[PlyCount "45"]
[EventDate "2019.10.13"]
[WhiteTeam "Check Inn"]
[BlackTeam "Wood Green Youth"]

1. e4 e6 2. d4 d5 3. exd5 exd5 4. Nf3 Bd6 5. c4 Nf6 6. Bd3 O-O 7. O-O dxc4 8.
Bxc4 Bg4 9. h3 Bh5 10. g4 Bg6 11. Ne5 Be4 12. Nc3 Nbd7 13. Bg5 Bg6 14. f4 h6
15. Nxg6 hxg5 16. Nxf8 Nxf8 17. fxg5 Be7 18. gxf6 Bxf6 19. Bxf7+ Kxf7 20. g5
Nh7 21. gxf6 Nxf6 22. Ne4 Qd5 23. Qb3 1-0

[Event "Women&#39;s 4NCL Division 1"]
[Site "Kenilworth, ENG"]
[Date "2019.10.13"]
[Round "3.34"]
[White "Johal, Amrissa Kaur"]
[Black "Ashraf, Zoha"]
[Result "0-1"]
[WhiteElo "1337"]
[BlackElo "1540"]
[PlyCount "84"]
[EventDate "2019.10.13"]
[WhiteTeam "Wood Green Youth"]
[BlackTeam "Check Inn"]

1. d4 e6 2. e4 d5 3. e5 c5 4. c3 Nc6 5. Nf3 Bd7 6. Be3 Qb6 7. Qb3 Qxb3 8. axb3
b6 9. Bb5 Nh6 10. O-O Nf5 11. Re1 Be7 12. Na3 O-O 13. Nc2 cxd4 14. cxd4 f6 15.
h3 fxe5 16. Nxe5 Nxe5 17. Bxd7 Nxd7 18. g4 Nd6 19. Bd2 Ne4 20. Be3 a5 21. Na3
Bh4 22. Rf1 Rac8 23. Rae1 Rf6 24. Re2 Rcf8 25. Nb5 Ng3 26. fxg3 Rxf1+ 27. Kg2
Bd8 28. Bf4 Ra1 29. Rxe6 Rf6 30. Re8+ Rf8 31. Re6 Nf6 32. g5 Re8 33. Rd6 Ne4
34. Rd7 Bxg5 35. Bxg5 Nxg5 36. g4 Re2+ 37. Kg3 Rg1+ 38. Kh4 Nf3+ 39. Kh5 Rge1
40. g5 Re7 41. Rd8+ Re8 42. Rd7 R1e4 0-1

[Event "Women&#39;s 4NCL Division 1"]
[Site "Kenilworth, ENG"]
[Date "2019.10.13"]
[Round "3.42"]
[White "Boztas, Lana"]
[Black "Pham, Clemence"]
[Result "0-1"]
[WhiteElo "1562"]
[BlackElo "1487"]
[PlyCount "120"]
[EventDate "2019.10.13"]
[WhiteTeam "Ancient & Modern"]
[BlackTeam "Richmond Juniors Amazons"]

1. c4 Nf6 2. Nc3 e6 3. a3 g6 4. Nf3 Bg7 5. g3 O-O 6. Bg2 d5 7. cxd5 exd5 8. d4
c6 9. O-O Re8 10. Bg5 Bf5 11. Qd2 Nbd7 12. h3 c5 13. g4 Be4 14. Nxe4 dxe4 15.
Nh2 cxd4 16. Qxd4 h6 17. Bxf6 Bxf6 18. Qb4 e3 19. Rad1 Bh4 20. f4 Bf2+ 21. Kh1
Qc7 22. Qd6 Qxd6 23. Rxd6 Nc5 24. Bd5 Rad8 25. Rxd8 Rxd8 26. Bc4 Ne4 27. Nf3
Ng3+ 28. Kg2 Nxf1 29. Kxf1 Rc8 30. b3 a6 31. a4 Rd8 32. Bd3 Kg7 33. Ne5 Bg3 34.
Nc4 Bxf4 35. Kg2 b5 36. axb5 axb5 37. Nb2 b4 38. Nc4 Bg5 39. Kf3 Ra8 40. Nxe3
Bxe3 41. Kxe3 Rc8 42. Kd2 h5 43. gxh5 gxh5 44. e4 Rc3 45. Ke3 Rxb3 46. Kd4 Ra3
47. Kc4 h4 48. e5 b3 49. Kb4 Ra7 50. Kxb3 Re7 51. Bf5 Rxe5 52. Bg4 f5 53. Bh5
Re3+ 54. Kc4 Rxh3 55. Kd4 Rg3 56. Ke5 h3 57. Kf4 Rg1 58. Kxf5 h2 59. Bf3 Rf1
60. Kg4 Rxf3 0-1

[Event "Women&#39;s 4NCL Division 1"]
[Site "Kenilworth, ENG"]
[Date "2019.10.13"]
[Round "3.43"]
[White "Pham, Catherine"]
[Black "Hannan, Abigail"]
[Result "0-1"]
[WhiteElo "1465"]
[BlackElo "1502"]
[PlyCount "56"]
[EventDate "2019.10.13"]
[WhiteTeam "Richmond Juniors Amazons"]
[BlackTeam "Ancient & Modern"]

1. e4 c5 2. Nc3 d6 3. f4 Nf6 4. Nf3 Nc6 5. Bc4 e6 6. a3 d5 7. exd5 exd5 8. Qe2+
Be7 9. Ba2 d4 10. Ne4 Nxe4 11. Qxe4 O-O 12. O-O Re8 13. Re1 g6 14. d3 Bf5 15.
Qe2 Bd6 16. Qf2 Qc7 17. g3 h6 18. Bd2 Ne7 19. Qg2 Qc6 20. g4 Bc8 21. Qg3 b6 22.
Re2 Bb7 23. Rf1 Nd5 24. Ref2 Ne3 25. Bxe3 dxe3 26. Re2 Qc7 27. Ne1 Qc6 28. c3
Qh1# 0-1

[Event "Women&#39;s 4NCL Division 1"]
[Site "Kenilworth, ENG"]
[Date "2019.10.13"]
[Round "3.206"]
[White "Topping, Rachel"]
[Black "Moussa, Jolnar Mia"]
[Result "1-0"]
[WhiteElo "1202"]
[BlackElo "1187"]
[PlyCount "73"]
[EventDate "2019.10.13"]
[WhiteTeam "Manchester"]
[BlackTeam "Richmond Juniors Boudicca"]

1. e4 e5 2. Nf3 Nc6 3. Nc3 Nf6 4. a3 Bc5 5. Bc4 a5 6. O-O O-O 7. d3 h6 8. h3 d6
9. Bd2 Nd4 10. Nxd4 Bxd4 11. Na4 Rb8 12. c3 b5 13. cxd4 bxc4 14. dxe5 dxe5 15.
Bxa5 cxd3 16. Nc5 Bb7 17. f3 Qd4+ 18. Kh1 Qxc5 19. Bb4 Qd4 20. Bxf8 Rxf8 21.
Qb3 Ba6 22. Rfd1 Bc4 23. Qb4 c5 24. Qd2 Rb8 25. Rab1 Ba2 26. Rbc1 Rxb2 27. Qc3
Bb3 28. Rxd3 Qf2 29. Rg1 Rc2 30. Qxb3 c4 31. Qb8+ Kh7 32. Rdd1 Nh5 33. Qxe5
Ng3+ 34. Kh2 Ne2 35. Qf5+ g6 36. Qxf7+ Kh8 37. Rd8# 1-0

[Event "Women&#39;s 4NCL Division 1"]
[Site "Kenilworth, ENG"]
[Date "2019.10.13"]
[Round "3.205"]
[White "Cuthbert, Larissa"]
[Black "Jayawarna, Thisumi"]
[Result "0-1"]
[WhiteElo "1034"]
[BlackElo "1532"]
[PlyCount "144"]
[EventDate "2019.10.13"]
[WhiteTeam "Sacrificial Pawns"]
[BlackTeam "Manchester"]

1. e4 d5 2. exd5 Qxd5 3. Nc3 Qa5 4. d4 Nf6 5. Nf3 c6 6. Bd3 Bg4 7. O-O e6 8.
Bd2 Bb4 9. a3 Bxc3 10. Bxc3 Qc7 11. Bb4 Nbd7 12. Qd2 Bxf3 13. gxf3 Nd5 14. Qg5
N7f6 15. Bd2 h6 16. Qg3 Qd7 17. c4 Nb6 18. Kh1 g5 19. a4 Qxd4 20. Bc3 Qxd3 21.
Bxf6 Rg8 22. Rad1 Qf5 23. Be5 f6 24. Bc3 Qf4 25. Rfe1 e5 26. Qh3 g4 27. Qh5+
Kf8 28. Bb4+ Kg7 29. Qxg4+ Qxg4 30. fxg4 Kh8 31. Rg1 Nxa4 32. Rd7 c5 33. Bc3
Nxc3 34. bxc3 b6 35. h3 Rgd8 36. Rf7 Rf8 37. Rd7 Kg8 38. Rg2 Rf7 39. Rd3 Kf8
40. f3 Ke8 41. Re2 Rd7 42. Rde3 Kf7 43. h4 Rad8 44. g5 Rd1+ 45. Kg2 hxg5 46.
hxg5 fxg5 47. Rxe5 R1d2 48. Kf2 Rxe2+ 49. Rxe2 Kf6 50. Kg3 Rd3 51. Rc2 Kf5 52.
Rc1 g4 53. Ra1 Rxf3+ 54. Kg2 a5 55. Rb1 Rxc3 56. Rxb6 Rxc4 57. Rb5 a4 58. Rb2
Rc3 59. Ra2 a3 60. Kf2 Rb3 61. Re2 Rb2 62. Rxb2 axb2 63. Ke3 b1=Q 64. Kd2 Qb3
65. Ke2 Qc3 66. Kd1 Qb2 67. Ke1 Qc2 68. Kf1 Qd2 69. Kg1 Qe2 70. Kh1 g3 71. Kg1
Qf2+ 72. Kh1 Qf1# 0-1